LEADER 00500naa a2200133 i 4500 001 000000321364 003 CaOOAMICUS 005 20180831173344.0 008 180831n it u000 u ita u 013 $a31600 040 $aSeMil$bita 245 13$aLa "Teologia politica" in discussione. 773 0 $aPeukert, Helmut <1934- >$tDibattito sulla Teologia politica.$dBrescia : Queriniana, 1971.$kGiornale di teologia$gp.231-272$w()63145 996 $6245$aLa "Teologia politica" in discussione$9(OLS)http://semarc/title/394916 LEADER 00475nab a2200133 i 4500 001 000000329499 003 CaOOAMICUS 005 20180831173621.0 008 180831n it uu u0 0ita r 013 $a41163 040 $aSeMil$bita 245 13$aLa sua storia di ieri... 773 0 $tProposta per la sede seminaristica di S. Pietro Martire, nel segno del Sinodo 47. - 19 p. - Titolo dalla copertina.$gp.6-11$w()291525 996 $6245$aLa sua storia di ieri...$9(OLS)http://semarc/title/417984